Method of applying the results of dynamic testing to rubber anti-vibrasion systems (Record no. 62858)

MARC details
000 -LEADER
fixed length control field 00386nam a2200133Ia 4500
100 ## - MAIN ENTRY--AUTHOR NAME
Personal name Cooper D H
245 #0 - TITLE STATEMENT
Title Method of applying the results of dynamic testing to rubber anti-vibrasion systems
260 ## - PUBLICATION, DISTRIBUTION, ETC. (IMPRINT)
Name of publisher IRI Transactions
Year of publication 1959
300 ## - PHYSICAL DESCRIPTION
Number of Pages 166-177
650 ## - SUBJECT ADDED ENTRY--TOPICAL TERM
Topical Term Anti-vibrasion system
650 ## - SUBJECT ADDED ENTRY--TOPICAL TERM
Topical Term Dynamic testing
942 ## - ADDED ENTRY ELEMENTS (KOHA)
Koha item type Journals
Holdings
Withdrawn status Lost status Damaged status Not for loan Home library Current library Shelving location Date acquired Serial Enumeration / chronology Koha item type
      Journals RRII Library RRII Library Rubber chemistry 17/12/2021 Volume 35, Issue 5 Journals